Teatro húngaro contemporáneo / (Record no. 128886)

MARC details
000 -LEADER
campo de control de longitud fija 01019nam a2200265 i 4500
001 - NÚMERO DE CONTROL
campo de control 128886
003 - IDENTIFICADOR DE NÚMERO DE CONTROL
campo de control ES-MaACL
005 - FECHA Y HORA DE LA ÚLTIMA TRANSACCIÓN
campo de control 20250824035124.0
007 - CAMPO FIJO DE DESCRIPCIÓN FÍSICA--INFORMACIÓN GENERAL
campo de control de longitud fija t|
008 - DATOS DE LONGITUD FIJA--INFORMACIÓN GENERAL
campo de control de longitud fija 070529s1969 sp ||||1| spa d
245 00 - MENCIÓN DEL TÍTULO
Título Teatro húngaro contemporáneo /
Mención de responsabilidad, etc. traducción del húngaro, selección y prólogo de Zoltán A. Ronai.
260 ## - PUBLICACIÓN, DISTRIBUCIÓN, ETC.
Lugar de publicación, distribución, etc. [Madrid] :
Nombre del editor, distribuidor, etc. Aguilar,
Fecha de publicación, distribución, etc. [1969]
300 ## - DESCRIPCIÓN FÍSICA
Extensión 519 p. ;
Dimensiones 19 cm.
505 8# - NOTA DE CONTENIDO CON FORMATO
Nota de contenido con formato Contiene: Bizancio / Frenc Herzeg.--Liliom / Fernc Molnár.--Sé bueno hasta morir / Zsigmond Morica.--Torres de madera / Lajos Zilahy.--Arco iris engañoso / Aron Tamási.--Galileo / Lázaló Németh
650 #7 - PUNTO DE ACCESO ADICIONAL DE MATERIA--TÉRMINO DE MATERIA
Término de materia o nombre geográfico como elemento de entrada Teatro húngaro
Fuente del encabezamiento o término
9 (RLIN) 160481
700 0# - ENTRADA AGREGADA--NOMBRE PERSONAL
Nombre de persona Herczeg, Ferenc.
9 (RLIN) 62678
700 1# - ENTRADA AGREGADA--NOMBRE PERSONAL
Nombre de persona Nemeth, Laszlo.
9 (RLIN) 160482
700 1# - ENTRADA AGREGADA--NOMBRE PERSONAL
Nombre de persona Roani, Zoltan A.
9 (RLIN) 160483
700 1# - ENTRADA AGREGADA--NOMBRE PERSONAL
Nombre de persona Tamasi, Aron.
9 (RLIN) 160484
700 1# - ENTRADA AGREGADA--NOMBRE PERSONAL
Nombre de persona Móricz, Zsigmond.
9 (RLIN) 160485
700 0# - ENTRADA AGREGADA--NOMBRE PERSONAL
Nombre de persona Zilahy, Lajos.
9 (RLIN) 118252
700 0# - ENTRADA AGREGADA--NOMBRE PERSONAL
Nombre de persona Molnar, Ferenc.
9 (RLIN) 82062
852 ## - LOCALIZACIÓN
Ubicación ES-MaACL
Número de control de estantería C-36471
Sublocalización o colección R.69836
Holdings
Estatus retirado Estado de pérdida Estado de daño No para préstamo Biblioteca de origen Biblioteca actual Ubicación en estantería Fecha de adquisición Fuente de adquisición Total de préstamos Signatura topográfica completa Código de barras Visto por última vez Precio de reemplazo Tipo de ítem Koha
        Biblioteca del Ateneo de Madrid Biblioteca del Ateneo de Madrid Depósito 2 17/01/2008     C-36471 1134221 23/02/2023 23/02/2023 Libro impreso